| 000 | 01220nac a22002531u 4500 | ||
|---|---|---|---|
| 003 | EG-ScBUE | ||
| 005 | 20221009110232.0 | ||
| 008 | 100810s1989 ua a f b 000 00 ara d | ||
| 040 |
_aEG-ScBUE _bara _erda _cEG-ScBUE _dEG-ScBUE |
||
| 082 | 0 | 4 |
_a720.91761 _bع ل ا _222 |
| 100 | 1 |
_aعلام، نعمت إسماعيل، _eمؤلف. _917367 |
|
| 245 |
_aفنون الشرق الأوسط في العصور الإسلامية / _cتأليف نعمت إسماعيل علام، ماجستير في الآداب، جامعة نيويورك، تخصص تاريخ فن، أستاذة مادة تاريخ الفن كلية التربية الفنية وكلية الفنون الجميلة جامعة حلوان. |
||
| 250 | _aالطبعة الرابعة. | ||
| 264 | 1 |
_aالقاهرة : _bدار المعارف، _c1989. |
|
| 300 |
_a394 صفحة : _bإيضاحيات ؛ _c24 سم |
||
| 504 | _aيشتمل على إرجاعات ببليوجرافية. | ||
| 541 | _cشراء؛ | ||
| 650 | 7 |
_aالعمارة الإسلامية. _2BUEsh _915000 |
|
| 650 | 7 |
_aالقصور الإسلامية. _2BUEsh _922043 |
|
| 650 | 7 |
_aالفن الإسلامي. _2BUEsh _915001 |
|
| 653 | _bENGARC | ||
| 655 | _vReading book | ||
| 942 |
_cBB _2ddc |
||
| 999 |
_c5820 _d5820 |
||